Radca spotrebiteľa
Z obsahu prílohy: Z cudzieho krv netečie. Presnejšie vymedzenie právnych mantinelov. Čo treba robiť v prípade, ak sa služba nevydarí. Zlé známky pre výrobky z dovozu. Lovíme na mediálnom nebi. Hubovité ochorenia a obsah dusičnanov. Viete, za koľko bývate? Skôr, ako si kúpite lístok...
Uložené v:
| Hlavný autor: | |
|---|---|
| Ďalší autori: | , |
| Médium: | Kapitola |
| Jazyk: | Slovak |
| Predmet: | |
| Tagy: |
Žiadne tagy, Buďte prvý, kto otaguje tento záznam!
|
MARC
| LEADER | 00000naa a2200000 4500 | ||
|---|---|---|---|
| 001 | r023481 | ||
| 005 | 20230801105959.8 | ||
| 041 | 0 | |a slo | |
| 044 | |a SK | ||
| 245 | 1 | 0 | |a Radca spotrebiteľa |c M. Černá, J. Hyžová, L. Tokárová |
| 520 | |a Z obsahu prílohy: Z cudzieho krv netečie. Presnejšie vymedzenie právnych mantinelov. Čo treba robiť v prípade, ak sa služba nevydarí. Zlé známky pre výrobky z dovozu. Lovíme na mediálnom nebi. Hubovité ochorenia a obsah dusičnanov. Viete, za koľko bývate? Skôr, ako si kúpite lístok... | ||
| 610 | 2 | 0 | |a Slovensko |
| 610 | 2 | 0 | |a 1996 |
| 610 | 2 | 0 | |a ochrana spotrebiteľa |
| 610 | 2 | 0 | |a služby |
| 610 | 2 | 0 | |a reklamácie |
| 610 | 2 | 0 | |a výrobky |
| 610 | 2 | 0 | |a Slovenská poľnohospodárska a obchodná inšpekcia |
| 610 | 2 | 0 | |a SPPI Bratislava |
| 610 | 2 | 0 | |a nájomné |
| 610 | 2 | 0 | |a byty |
| 610 | 2 | 0 | |a cestovné |
| 100 | 1 | |a Černá, M. | |
| 700 | 1 | |a Hyžová, J. | |
| 700 | 1 | |a Tokárová, L. | |